Kak ti yang pengotor (Record no. 78117)

MARC details
000 -LEADER
fixed length control field 00683nam a2200253 i 4500
001 - CONTROL NUMBER
control field C2-0269429
003 - CONTROL NUMBER IDENTIFIER
control field PPAK
005 - DATE AND TIME OF LATEST TRANSACTION
control field 20180728000114.0
008 - FIXED-LENGTH DATA ELEMENTS--GENERAL INFORMATION
fixed length control field 060808s my a|||| ||||| | may d
020 ## - INTERNATIONAL STANDARD BOOK NUMBER
International Standard Book Number 9831454324
040 ## - CATALOGING SOURCE
Original cataloging agency PPAK
Language of cataloging eng
Transcribing agency PPAK
Description conventions rda
082 04 - DEWEY DECIMAL CLASSIFICATION NUMBER
Classification number 499.2386
Edition number 23
090 00 - LOCALLY ASSIGNED LC-TYPE CALL NUMBER (OCLC); LOCAL CALL NUMBER (RLIN)
Classification number (OCLC) (R) ; Classification number, CALL (RLIN) (NR) 499.2386
Feature heading KAK
Feature heading K
245 00 - TITLE STATEMENT
Title Kak ti yang pengotor
264 #1 - PRODUCTION, PUBLICATION, DISTRIBUTION, MANUFACTURE, AND COPYRIGHT NOTICE
Place of production, publication, distribution, manufacture Kuala Lumpur :
Name of producer, publisher, distributor, manufacturer Mind To Mind ,
300 ## - PHYSICAL DESCRIPTION
Extent 16 pages :
Other physical details colour illustrations ;
Dimensions 26 cm
336 ## - CONTENT TYPE
Source rdacontent
Content type term text
337 ## - MEDIA TYPE
Source rdamedia
Media type term unmediated
338 ## - CARRIER TYPE
Source rdacarrier
Carrier type term volume
490 1# - SERIES STATEMENT
Series statement Siri pintar sains
650 10 - SUBJECT ADDED ENTRY--TOPICAL TERM
Topical term or geographic name entry element Bahasa Melayu - Readers
830 #0 - SERIES ADDED ENTRY--UNIFORM TITLE
Uniform title Siri pintar sains
942 ## - ADDED ENTRY ELEMENTS (KOHA)
-- dc
Koha item type Book
Holdings
Withdrawn Not for loan Current library Shelving location Date acquired Full call number Barcode Date last seen Koha item type Total Checkouts Date last checked out Checked out Total Renewals
    Perpustakaan Baling Pinjaman Kanak-kanak 01/02/2006 K 499.2386 KAK A01110614 05/05/2024 Book 1 21/04/2024    
    Perpustakaan Bandar Baharu Pinjaman Kanak-kanak 01/02/2006 K 499.2386 KAK A01110612 09/05/2018 Book        
    Perpustakaan Jitra Pinjaman Kanak-kanak 01/02/2006 K 499.2386 KAK A01110608 17/02/2025 Book 4 28/12/2024   1
    Perpustakaan Kulim Pinjaman Kanak-kanak 01/02/2006 K 499.2386 KAK A01110610 12/07/2025 Book 2 05/07/2025    
    Perpustakaan Langkawi Pinjaman Kanak-kanak 01/02/2006 K 499.2386 KAK A01110609 09/05/2018 Book        
    Perpustakaan Sik Pinjaman Kanak-kanak 01/02/2006 K 499.2386 KAK A01110613 06/07/2023 Book 1 06/07/2023 27/07/2023  
    Perpustakaan Yan Pinjaman Kanak-kanak 01/02/2006 K 499.2386 KAK A01110611 09/05/2018 Book